000 00790nam a22003010a 4500
001 PT53501
003 AR-LpoUNG
005 20210131231557.0
008 191001s2011||||sp |||||||||||||||||spa d
020 _a9788449442025
_c$8,03
040 _aAR-LpoUNG
_bspa
_cAR-LpoUNG
_eaacr
041 _aspa
044 _asp
082 0 _a808.068 3 654lib
100 1 _aSmith, Lane
245 1 0 _a­Es un libro!
250 _a2da. ed.
260 _aBarcelona :
_bOcéano,
_c2011.
300 _a29 p. :
_bil.
505 0 _aSugerido a partir de 6 años (etiqueta AMARILLA)
650 4 _aCUENTOS
650 4 _aLITERATURA
651 4 _aDOCUMENTOS TEORICOS O METODOLOGICOS
653 _aLITERATURA INFANTIL
700 1 _aSpúlveda Martín, Sandra
_etr.
905 _a53501
942 _cLIB
999 _c10839
_d10839